000
00159nam a22000857a 4500
082
_a
823
100
_a
TERRY DEARY
245
_a
THE VICTORIOUS VIKINGS
942
_c
BK
999
_c
8421
_d
8421